[Event "Mahilong Birla Memorial 23 rd"]
[Site "Mahilong"]
[Date "2024.07.22"]
[Round "7"]
[White "Rohit, 1."]
[Black "Vibhash, Kumar Sinha"]
[Result "1-0"]
[WhiteElo "1601"]
[BlackElo "1694"]
[PlyCount "105"]
[EventDate "2024.07.20"]
[EventType "swiss"]
[EventRounds "9"]
[EventCountry "IND"]
[SourceTitle "EXT 2025"]
[Source "ChessBase"]
[SourceDate "2024.10.14"]
[SourceVersion "1"]
[SourceVersionDate "2024.10.14"]
[SourceQuality "1"]

1. e4 Nc6 2. Nf3 d6 3. h3 Nf6 4. Nc3 g6 5. d4 Bg7 6. Be3 0-0 7. Qd2 e5 8. dxe5 dxe5 9. 0-0-0 Qe7 10. Bc4 Qb4 11. Bb3 Na5 12. Bh6 Nxb3+ 13. axb3 Nxe4 14. Nxe4 Qxe4 15. Bxg7 Kxg7 16. Rhe1 Qf4 17. Rxe5 Qxd2+ 18. Rxd2 Be6 19. Nd4 Kf6 20. f4 c6 21. Nxe6 fxe6 22. g4 Rad8 23. Rde2 Rd6 24. c4 Re8 25. Kc2 Rd4 26. f5 gxf5 27. gxf5 Rd6 28. R2e3 Re7 29. Kc3 Red7 30. fxe6 Re7 31. Rh5 Rdxe6 32. Rh6+ Kf5 33. Rexe6 Rxe6 34. Rxh7 b6 35. Rf7+ Kg5 36. Rxa7 c5 37. Rd7 Rh6 38. Rd5+ Kf4 39. Rd3 Ke4 40. Kd2 Rg6 41. Re3+ Kf4 42. Rd3 Ke4 43. h4 Rh6 44. Rh3 Kf4 45. Kc3 Kg4 46. Rh1 Rh5 47. b4 Kg3 48. bxc5 bxc5 49. Rd1 Kxh4 50. Rh1+ Kg4 51. Rxh5 Kxh5 52. Kd3 Kg5 53. Ke4 1-0

[Event "Mahilong Birla Memorial 23 rd"]
[Site "Mahilong"]
[Date "2024.07.21"]
[Round "5"]
[White "Adhiraj, Mitra"]
[Black "Vibhash, Kumar Sinha"]
[Result "1-0"]
[WhiteElo "1860"]
[BlackElo "1694"]
[PlyCount "113"]
[EventDate "2024.07.20"]
[EventType "swiss"]
[EventRounds "9"]
[EventCountry "IND"]
[SourceTitle "EXT 2025"]
[Source "ChessBase"]
[SourceDate "2024.10.14"]
[SourceVersion "1"]
[SourceVersionDate "2024.10.14"]
[SourceQuality "1"]

1. e4 Nc6 2. d4 e5 3. dxe5 Nxe5 4. f4 Nc6 5. Bc4 Bb4+ 6. c3 Ba5 7. Be3 d6 8. Bd5 Nge7 9. Nf3 0-0 10. 0-0 Nxd5 11. Qxd5 Be6 12. Qd3 Bb6 13. Bxb6 axb6 14. Na3 Qe7 15. f5 Bd7 16. Nb5 Ne5 17. Nxe5 Qxe5 18. Nd4 Rfe8 19. Rfe1 Bc6 20. Nf3 Qc5+ 21. Kh1 Bb5 22. Qd2 Bc6 23. Qf4 Ra4 24. Nd4 Qe5 25. Qg4 Raa8 26. Nf3 Qf6 27. Re3 Qh6 28. Re2 Bb5 29. Ree1 Bc6 30. a3 Qf6 31. Re3 Qh6 32. Rae1 Re7 33. Ng5 Qf6 34. Qf4 Rae8 35. Nf3 h6 36. h4 Kh7 37. g4 g5 38. hxg5 hxg5 39. Nxg5+ Kg7 40. Rh3 Qe5 41. f6+ Kg8 42. Qf3 Qxg5 43. fxe7 Rxe7 44. Kg1 Qc5+ 45. Qf2 Qg5 46. Qf5 Qxf5 47. gxf5 Bxe4 48. Kh2 Kg7 49. c4 c6 50. Kg3 d5 51. cxd5 cxd5 52. Kf4 Rc7 53. Rg1+ Kf8 54. Ke5 Re7+ 55. Kf6 Ke8 56. Rg8+ Kd7 57. Rb3 1-0